Vernostný program podniku bakalárska práca

Gespeichert in:
Bibliographische Detailangaben
1. Verfasser: Majlingová, Lucia
Körperschaft: Obchodná fakulta EU. Katedra marketingu
Weitere Verfasser: Loydlová, Miroslava
Format: Buch
Sprache:Slowakisch
Veröffentlicht: Bratislava 2013
Tags: Tag hinzufügen
Keine Tags, Fügen Sie das erste Tag hinzu!

MARC

LEADER 00000nbm a2200000 4500
001 0173682
005 20161109112153.6
041 0 |a slo 
044 |a SK 
245 1 0 |a Vernostný program podniku  |b bakalárska práca  |c Lucia Majlingová ; školiteľ: Miroslava Loydlová 
264 1 |a Bratislava  |c 2013 
100 1 |a Majlingová, Lucia 
700 1 |a Loydlová, Miroslava 
710 2 |a Obchodná fakulta EU. Katedra marketingu